Futurama Characters by Alias - Statistics

General Stats
  • This quiz has been taken 10 times
  • The average score is 6 of 15
Answer Stats
Hint Answer % Correct
Orange Joe Philip J. Fry
100%
Cloberella Leela
60%
Mr. I'm-My-Own-Grandpa Philip J. Fry
60%
Captain Moron Zapp Brannigan
60%
El Zoido Zoidberg
60%
Boiler Bender
40%
Lee Lemon Leela
40%
Wrinkles Professor Farnsworth
40%
Dingus Bender
20%
Blotto Bender
20%
Francis X. Clampazzo Clamps
20%
Wingus Philip J. Fry
20%
Einstein Philip J. Fry
20%
A Horse's Butt Professor Farnsworth
0%
The Man With No Name Zapp Brannigan
0%
No matching quizzes found
Score Distribution
Percent of People with Each Score
Percentile by Number Answered
Your Score History
You have not taken this quiz